书目信息 |
| 题名: |
叫魂
|
|
| 作者: | 孔飞力 著 | |
| 分册: | ||
| 出版信息: | 上海 生活·读书·新知三联书店上海分店 1999.01 |
|
| 页数: | 334页 | |
| 开本: | 32开 | |
| 丛书名: | ||
| 单 册: | ||
| 中图分类: | K249.4 | |
| 科图分类: | ||
| 主题词: | 中国--历史 | |
| 电子资源: | ||
| ISBN: | 7-5426-1187-9 | |
| 000 | 00541nam0 2200193 45 | |
| 001 | 0001151563 | |
| 005 | 20000115155332.1 | |
| 010 | @a7-5426-1187-9@d19.80元 | |
| 100 | @a20000115d1999 km y0chiy0120 ea | |
| 101 | 0 | @achi |
| 105 | @a z 000yy | |
| 200 | 1 | @a叫魂@AJiao Hun@f(美)孔飞力著@F(Mei)Kong Fei Li Zhu |
| 210 | @a上海@c生活·读书·新知三联书店上海分店@d1999.01 | |
| 215 | @a334页@d32开 | |
| 606 | 0 | @a中国@x历史 |
| 690 | @aK249.4@v3 | |
| 701 | 0 | @a孔飞力@4著 |
| 801 | @aCN@bPftUser@c20000115 | |
| 905 | @b401565-566@dK249.4@eS448@f2 | |
| 叫魂/(美)孔飞力著.-上海:生活·读书·新知三联书店上海分店,1999.01 |
| 334页;32开 |
| ISBN 7-5426-1187-9:19.80元 |
| ● |
| 相关链接 |
|
|
|
正题名:叫魂
索取号:K249.4/S448
 
预约/预借
| 序号 | 登录号 | 条形码 | 馆藏地/架位号 | 状态 | 备注 |
| 1 | 401565 | 204015653 | 社科库309/309社科库 35排1列3层/ [索取号:K249.4/S448] | 在馆 | |
| 2 | 401566 | 204015662 | 社科库309/309社科库 35排1列3层/ [索取号:K249.4/S448] | 在馆 |